Make Time : How to Focus on What Matters Every Day (Record no. 369847)

MARC details
000 -LEADER
fixed length control field 00506nam a2200181 4500
005 - DATE AND TIME OF LATEST TRANSACTION
control field 20260109162513.0
008 - FIXED-LENGTH DATA ELEMENTS--GENERAL INFORMATION
fixed length control field 260109b |||||||| |||| 00| 0 eng d
020 ## - INTERNATIONAL STANDARD BOOK NUMBER
International Standard Book Number 978-0-5930-7958-4
041 ## - LANGUAGE CODE
Language code of text/sound track or separate title English
082 ## - DEWEY DECIMAL CLASSIFICATION NUMBER
Classification number X 650.1 KNA
Item number B12162
100 ## - MAIN ENTRY--PERSONAL NAME
Author Knapp, Jake
110 ## - MAIN ENTRY--CORPORATE NAME
Corporate name or jurisdiction name as entry element Zeratsky, John
245 ## - TITLE STATEMENT
Title Make Time : How to Focus on What Matters Every Day
260 ## - PUBLICATION, DISTRIBUTION, ETC.
Place of publication, distribution, etc. New York
Name of publisher, distributor, etc. Bantam Press
Date of publication, distribution, etc. 2018
300 ## - PHYSICAL DESCRIPTION
Extent xiv,287p.
Other physical details pb
365 ## - TRADE PRICE
Price type code Rupaye
Price amount 785.93
Currency code INR
942 ## - ADDED ENTRY ELEMENTS (KOHA)
Koha item type Books
Holdings
Withdrawn status Lost status Source of classification or shelving scheme Damaged status Not for loan Collection code Home library Current library Date acquired Vendor Net Price Bill number Total Checkouts Full call number Barcode Date due Date last seen Date last checked out Actual Price Bill Date Koha item type Original Barcode
    Dewey Decimal Classification     Non-fiction Smt. Bakul Tambat Institute of Nursing Education Smt. Bakul Tambat Institute of Nursing Education 30/12/2025 Amazon(online) 171-7297983-2534761 785.93 XGI0-356026 1 X 650.1 KNA B12162 BTIN-BK-12162 08/04/2026 01/04/2026 01/04/2026 785.93 02/12/2025 Books BTIN-BK-12162